The Great one : the life and legend of Jackie Gleason

Bibliographic Details
Main Author: Henry III, William
Format: Book
Published: New York : Dowbledary , 1992
Subjects:

MARC

LEADER 00000cam a2200000 7i4500
001 0000005241
002 000005663
005 20080129.0
020 |a 0385415338 
090 0 0 |a 920   |b HEN 
100 1 |a Henry III, William 
245 1 4 |a The Great one :   |b the life and legend of Jackie Gleason   |c William A.Henry III 
260 |a New York :   |b Dowbledary ,   |c 1992 
300 |a 321p. ;   |c 23cm. 
650 0 0 |a Gleason, Jackie   |y 1916-1987 
650 0 0 |a Motion picture actors and actresses   |z United States   |x Biography 
999 |a 033626   |b BUKU   |c PINJAMAN   |e PERPUSTAKAAN KOMUNITI PETALING JAYA